[Event "SWE-chT 1718 Superettan"]
[Site "Sweden"]
[Date "2018.03.17"]
[Round "8.1"]
[White "Amin, Bassem"]
[Black "Rozentalis, Eduardas"]
[Result "1-0"]
[WhiteElo "2698"]
[BlackElo "2508"]
[PlyCount "93"]
[EventDate "2017.10.20"]
[EventType "team-tourn"]
[EventRounds "9"]
[EventCountry "SWE"]
[SourceTitle "EXT 2019"]
[Source "ChessBase"]
[SourceDate "2018.10.10"]
[SourceVersion "1"]
[SourceVersionDate "2018.10.10"]
[SourceQuality "1"]
[WhiteTeam "Wasa"]
[BlackTeam "Manhem"]
[WhiteTeamCountry "SWE"]
[BlackTeamCountry "SWE"]

1. Nf3 Nf6 2. g3 b6 3. Bg2 Bb7 4. d3 d5 5. O-O Nbd7 6. c4 ({RR} 6. a4 a6 7. Nbd2 e6 8. b3 Bd6 9. Bb2 O-O 10. e4 dxe4 11. Ng5 Be5 12. d4 Bd6 13. Ngxe4 Nxe4 14. Nxe4 Rb8 15. Qe2 Be7 16. Rfd1 Qc8 17. c4 Re8 18. Rd3 b5 19. cxb5 axb5 20. a5 b4 {Petrosian,T (2625)-Fedoseev,V (2659) Berlin 2015 ½-½ (77)}) 6... e6 ({RR} 6... dxc4 7. dxc4 e6 8. Qa4 a6 9. Bg5 Be7 10. Rd1 b5 11. cxb5 O-O 12. bxa6 Rxa6 13. Qc2 Be4 14. Qc1 Nd5 15. Nc3 Nxc3 16. bxc3 Bxf3 17. Bxe7 Qxe7 18. Bxf3 Ne5 19. Qe3 Nxf3+ 20. exf3 Ra3 21. Qd4 {Stojanovski,S (2169)-Papasimakopoulos,A (2372) chess.com INT 2024 ½-½ (55)}) 7. cxd5 exd5 8. Nc3 $146 ({RR} 8. d4 Bd6 9. Nc3 a6 10. Qc2 O-O 11. e3 Rc8 12. Nh4 g6 13. Qb3 c5 14. Nxd5 c4 15. Nxf6+ Qxf6 16. Qd1 Bxg2 17. Kxg2 g5 18. Qg4 h5 19. Qxh5 gxh4 20. Qg4+ Qg6 21. Qxd7 hxg3 22. hxg3 c3 {Keskitalo,A (980)-Talberg,K (1350) Karasjok 2005 ½-½ (35)}) 8... Be7 9. e4 dxe4 10. dxe4 Nc5 11. Nd4 O-O 12. e5 Nd5 13. Qg4 Nxc3 14. bxc3 Bxg2 15. Nf5 g6 16. Rd1 Bh3 17. Rxd8 Bxg4 18. Nxe7+ Kg7 19. Rd4 h5 20. Bg5 Rfe8 21. Nd5 Ne6 22. Bf6+ Kf8 23. Rd2 Bf3 24. c4 Rac8 25. Re1 Nc5 26. Re3 Bg4 27. Bg5 Nd7 28. f3 Be6 29. Nf4 Nc5 30. Nd5 Nd7 31. Kg2 Bxd5 32. Rxd5 Nc5 33. Bf6 Re6 34. g4 Rce8 35. gxh5 gxh5 36. Kf2 Kg8 37. Rd4 Kh7 38. f4 Kg6 39. Rg3+ Kh6 40. Kf3 a5 41. Rg2 a4 42. Rd5 c6 43. Rd4 b5 44. cxb5 cxb5 45. Rd5 Rc6 46. Bg7+ Kh7 47. e6 1-0

[Event "BL2-Sued 1718"]
[Site "Germany"]
[Date "2017.12.09"]
[Round "5.2"]
[White "Amin, Bassem"]
[Black "Bulski, Krzysztof"]
[Result "1-0"]
[WhiteElo "2698"]
[BlackElo "2536"]
[PlyCount "57"]
[EventDate "2017.10.21"]
[EventType "team-tourn"]
[EventRounds "10"]
[EventCountry "GER"]
[SourceTitle "CBM 183 Extra"]
[Source "ChessBase"]
[SourceDate "2018.04.19"]
[SourceVersion "1"]
[SourceVersionDate "2018.04.19"]
[SourceQuality "1"]
[WhiteTeam "Viernheim"]
[BlackTeam "Griesheim"]
[WhiteTeamCountry "GER"]
[BlackTeamCountry "GER"]

1. e4 c5 2. Nf3 d6 3. g3 Nc6 4. Bg2 g6 5. O-O Bg7 6. c3 e5 7. d3 Nge7 8. a3 O-O 9. b4 b6 10. Bb2 ({RR} 10. b5 Na5 11. c4 h6 12. a4 Be6 13. Bd2 f5 14. Bxa5 bxa5 15. Nbd2 f4 16. Nb3 g5 17. Re1 Ng6 18. Nfd2 g4 19. Nb1 h5 20. Nc3 h4 21. Nd5 Rf7 22. Qd2 Qg5 23. Ra2 Raf8 24. Nxa5 Bh6 {Kozul,Z (2613)-Dominguez Perez,L (2739) Doha 2016 0-1 (35)}) 10... h6 11. b5 ({RR} 11. Nbd2 Be6 12. b5 Na5 13. d4 cxd4 14. cxd4 Nc4 15. Nxc4 Bxc4 16. Re1 Bxb5 17. dxe5 dxe5 18. Nxe5 Qxd1 19. Raxd1 Nc6 20. Nxc6 Bxb2 21. Ne7+ Kh7 22. Rb1 Bxa3 23. Nxg6 fxg6 24. Rxb5 Bc5 25. Re2 Rad8 {Montero Martinez,C (2028)-Fiskaaen,M (2300) chess.com INT 2025 0-1 (31)}) 11... Na5 12. c4 a6 $146 ({RR} 12... Be6 13. Nfd2 Qd7 14. Nc3 Rad8 15. a4 f5 16. Nd5 f4 17. Bc3 g5 18. Bxa5 bxa5 19. Rb1 Ng6 20. f3 g4 21. fxg4 Bxg4 22. Bf3 Bh3 23. Bg2 Bg4 24. Bf3 Bh3 25. Bg2 Bg4 {½-½ (25) Probst,A (2067)-Schaum,M (2071) Solingen 2016}) ({RR} 12... Be6 13. Nfd2 a6 14. a4 Ra7 15. Nc3 f5 16. exf5 gxf5 17. Qe2 Re8 18. Rfb1 d5 19. cxd5 Nxd5 20. Nxd5 Bxd5 21. Bxd5+ Qxd5 22. Bc3 axb5 23. axb5 e4 24. Qh5 Bxc3 25. Qxe8+ Kg7 26. dxe4 Qxd2 27. Rd1 {Amin,B (2695)-Wanyama,H (2312) Tornelo INT 2021 1-0 (42)}) ({RR} 12... Be6 13. Nbd2 Qd7 14. Re1 Rad8 15. Bc3 f5 16. Bxa5 bxa5 17. exf5 Bxf5 18. Qe2 Bg4 19. Qe4 Rf6 20. d4 Bf5 21. Qe2 e4 22. Nxe4 Re6 23. Qd3 d5 24. Nxc5 Rxe1+ 25. Nxe1 Bxd3 26. Nxd7 Bxd4 27. Rd1 {Torres,F (2142)-Aguilar,A (2260) Buenos Aires 2022 1-0 (45)}) 13. a4 Bd7 14. Nfd2 axb5 15. axb5 Nb7 16. Nc3 Qc7 17. Rxa8 Rxa8 18. f4 Ra7 19. f5 gxf5 20. Qh5 f4 21. gxf4 exf4 22. Nd5 Nxd5 23. Bxg7 Kxg7 24. cxd5 Qd8 25. Rxf4 Ra1+ 26. Nf1 Qe7 27. Rf3 Nd8 28. Rg3+ Kh7 29. e5 1-0

[Event "Chigorin Memorial 25th"]
[Site "St Petersburg"]
[Date "2017.10.28"]
[Round "8"]
[White "Sjugirov, Sanan"]
[Black "Geller, Jakov"]
[Result "1-0"]
[WhiteElo "2650"]
[BlackElo "2526"]
[PlyCount "77"]
[EventDate "2017.10.21"]
[EventType "swiss"]
[EventRounds "9"]
[EventCountry "RUS"]
[SourceTitle "CBM 181 Extra"]
[Source "ChessBase"]
[SourceDate "2017.12.12"]
[SourceVersion "1"]
[SourceVersionDate "2017.12.12"]
[SourceQuality "1"]

1. Nf3 d5 2. g3 Nf6 3. Bg2 c6 4. O-O Bf5 5. d3 e6 6. Nh4 Bg4 7. h3 Bh5 8. Qe1 Be7 9. f4 O-O ({RR} 9... Nfd7 10. Nf3 f5 11. e4 Bxf3 12. Bxf3 O-O 13. Nc3 fxe4 14. dxe4 d4 15. Nd1 e5 16. Nf2 c5 17. Qe2 Nc6 18. Bg4 Kh8 19. Be6 exf4 20. gxf4 g5 21. Ng4 gxf4 22. Bxf4 Qe8 23. e5 Bh4 24. Bc4 {Kramnik,V (2808)-Adhiban,B (2671) Baku 2016 1-0 (46)}) ({RR} 9... Nfd7 10. Nf3 c5 11. e4 dxe4 12. dxe4 f6 13. e5 f5 14. Ng5 Bxg5 15. Bxb7 Nb6 16. fxg5 N8d7 17. Nc3 Rb8 18. Bg2 O-O 19. Bf4 a6 20. Kh2 Qc7 21. b3 Rfd8 22. Qe3 Nf8 23. a4 Ng6 24. a5 {Shimanov,A (2582)-Rustemov,A (2525) chess.com INT 2024 1-0 (64)}) 10. Nd2 a5 $146 ({RR} 10... Nbd7 11. e4 dxe4 12. dxe4 Re8 13. Nhf3 Bxf3 14. Nxf3 Qb6+ 15. Kh2 Nc5 16. e5 Nd5 17. a3 a5 18. b3 Bf8 19. Rb1 Red8 20. Bd2 Qa6 21. Rf2 b5 22. b4 axb4 23. axb4 Na4 24. c3 c5 25. Bf1 {Azaladze,S (2439)-Volkov,M (2163) Chess.com INT 2020 1-0 (48)}) ({RR} 10... Nbd7 11. e4 dxe4 12. dxe4 Re8 13. Nhf3 Bxf3 14. Nxf3 Qb6+ 15. Kh2 Nc5 16. e5 Nd5 17. a3 a5 18. b3 Bf8 19. Rb1 Red8 20. Bd2 Qa6 21. Rf2 b5 22. b4 axb4 23. axb4 Na4 24. c3 c5 25. Bf1 {Azaladze,S (2439)-Volkov,M (2163) Chess.com INT 2020 1-0 (48)}) 11. Ndf3 Bxf3 12. Nxf3 a4 13. a3 Na6 14. Kh1 b5 15. g4 Nd7 16. e4 dxe4 17. dxe4 e5 18. f5 f6 19. Bd2 Nb6 20. Rd1 Nc4 21. Bc1 Qc7 22. Qg3 Rad8 23. Rde1 Nc5 24. h4 Rd7 25. g5 Rfd8 26. Rg1 Nd6 27. Nh2 Nc4 28. Ng4 Kh8 29. gxf6 Bxf6 30. h5 Nd2 31. Nxf6 gxf6 32. Qh4 Rf8 33. Qf2 Qd6 34. Bxd2 Qxd2 35. Qxc5 Rg8 36. Qe3 Rg5 37. Bf3 Rxg1+ 38. Qxg1 Rg7 39. Qe3 1-0

[Event "Corsica Masters op 21st"]
[Site "Bastia"]
[Date "2017.10.23"]
[Round "5"]
[White "Moussard, Jules"]
[Black "Lagarde, Maxime"]
[Result "1-0"]
[WhiteElo "2567"]
[BlackElo "2594"]
[PlyCount "109"]
[EventDate "2017.10.21"]
[EventType "swiss"]
[EventRounds "9"]
[EventCountry "FRA"]
[SourceTitle "CBM 181 Extra"]
[Source "ChessBase"]
[SourceDate "2017.12.12"]
[SourceVersion "1"]
[SourceVersionDate "2017.12.12"]
[SourceQuality "1"]

1. Nf3 Nf6 2. g3 b5 3. e3 Ba6 $146 ({RR} 3... a6 4. b3 Bb7 5. c4 e6 6. cxb5 axb5 7. Bxb5 g5 8. O-O Bg7 9. Bb2 h6 10. Be2 Nc6 11. Ne5 Nxe5 12. Bxe5 d6 13. Bb2 Qd7 14. Bf3 c5 15. d4 g4 16. Bxb7 Qxb7 17. dxc5 dxc5 18. Qe2 {Schreiner,P (2482)-Kunin,V (2531) Balatonszarszo 2017 1-0 (53)}) ({RR} 3... a6 4. Bg2 Bb7 5. O-O g6 6. b3 Bg7 7. Bb2 O-O 8. d4 d6 9. Nbd2 Nbd7 10. Qe2 c5 11. c4 Ne4 12. Nxe4 Bxe4 13. cxb5 axb5 14. Qxb5 Ra7 15. Qe2 Qa8 16. Bc3 Nb6 17. dxc5 Bxc3 18. cxb6 {Caruana,F (2827)-Carlsen,M (2840) Chess.com INT 2017 ½-½ (86)}) ({RR} 3... a6 4. b3 Bb7 5. c4 b4 6. Bg2 e6 7. O-O Be7 8. a3 a5 9. axb4 axb4 10. Rxa8 Bxa8 11. Bb2 d6 12. d4 Nbd7 13. Nbd2 c5 14. Qc2 O-O 15. Ra1 Qb6 16. dxc5 Qxc5 17. Bd4 Qc8 18. Ra7 {Czebe,A (2294)-Mrudul,D (2055) Bhubaneswar IND 2024 0-1 (44)}) ({RR} 3... a6 4. c4 bxc4 5. Qa4 e6 6. Bg2 Bb7 7. Na3 Bc6 8. Qxc4 Be7 9. Qc2 O-O 10. O-O a5 11. d3 Na6 12. Nc4 Qb8 13. Bd2 Nb4 14. Qb1 a4 15. Rc1 Rc8 16. e4 d5 17. Nce5 Be8 18. a3 {Moussard,J (2571)-Wemmers,X (2430) Caleta 2018 1-0 (53)}) ({RR} 3... b4 4. a3 e6 5. axb4 Bxb4 6. Bg2 Bb7 7. O-O O-O 8. b3 Be7 9. Bb2 c5 10. Ne5 Bxg2 11. Kxg2 Qc7 12. f4 d6 13. Nc4 Nc6 14. d3 Nd7 15. Nc3 d5 16. Nd2 d4 17. Na4 Nb6 18. e4 {Burmakin,V (2518)-Alvarez Serrano,C (2190) La Roda 2017 1-0 (58)}) 4. Bg2 e6 5. O-O c5 6. d4 Nc6 7. Re1 d5 8. c3 Bb7 9. Qe2 a6 10. Nbd2 Be7 11. b3 O-O 12. Bb2 cxd4 13. exd4 Nd7 14. a4 bxa4 15. Rxa4 a5 16. Rea1 Ba6 17. Qd1 Bf6 18. R4a3 Qb6 19. Nf1 Rfb8 20. N3d2 Bd3 21. Ne3 h6 22. h4 Ra7 23. Kh1 Bh7 24. Ra4 Qd8 25. R4a2 Nb6 26. Ba3 e5 27. Nf3 e4 28. Nd2 Nc8 29. Bc5 Rab7 30. Qh5 Rd7 31. Bh3 Bg6 32. Qg4 Rc7 33. Qf4 Be7 34. Nxd5 Bxc5 35. Qxc7 Qxd5 36. dxc5 N8e7 37. Qd6 Qh5 38. Rxa5 Kh7 39. Ra7 Nc8 40. Qxc6 Nxa7 41. Qc7 e3 42. fxe3 Re8 43. Bg2 Nb5 44. Qc6 Rxe3 45. Nf1 Rxc3 46. Qxb5 Rxc5 47. Qb8 Rb5 48. Qd8 Rxb3 49. Ra8 Bd3 50. Rc8 Qf5 51. Ne3 Qf2 52. Qg8+ Kg6 53. Rc6+ Kh5 54. Qxg7 Qxe3 55. Qxh6+ 1-0

[Event "Corsica Masters KO 21st"]
[Site "Bastia"]
[Date "2017.10.26"]
[Round "1.3"]
[White "Moussard, Jules"]
[Black "Tregubov, Pavel V"]
[Result "1-0"]
[WhiteElo "2567"]
[BlackElo "2589"]
[PlyCount "79"]
[EventDate "2017.10.26"]
[EventType "k.o. (rapid)"]
[EventRounds "4"]
[EventCountry "FRA"]
[SourceTitle "CBM 181 Extra"]
[Source "ChessBase"]
[SourceDate "2017.12.12"]
[SourceVersion "1"]
[SourceVersionDate "2017.12.12"]
[SourceQuality "1"]

1. Nf3 c5 2. g3 Nc6 3. Bg2 g6 4. O-O Bg7 5. d3 d6 6. e4 e5 7. c3 Nge7 8. Re1 O-O 9. a3 h6 10. b4 a6 11. Nbd2 Be6 12. Bb2 Qd7 $146 ({RR} 12... b5 13. Qe2 a5 14. bxa5 Qxa5 15. d4 exd4 16. cxd4 cxd4 17. Qd3 Ne5 18. Qb1 N7c6 19. Qd1 Nd3 20. Nb3 Bxb3 21. Qxd3 Bc4 22. Qd1 Qb6 23. Qd2 Ne5 24. Nxd4 Nd3 25. Red1 Bxd4 26. Bxd4 Qxd4 27. Bf1 {Ljubicic,M (2080)-Saric,L (2178) Bosnjaci 2022 ½-½ (73)}) ({RR} 12... b5 13. Qe2 a5 14. bxa5 Qxa5 15. d4 exd4 16. cxd4 cxd4 17. Qd3 Ne5 18. Qb1 N7c6 19. Qd1 Nd3 20. Nb3 Bxb3 21. Qxd3 Bc4 22. Qd1 Qb6 23. Qd2 Ne5 24. Nxd4 Nd3 25. Red1 Bxd4 26. Bxd4 Qxd4 27. Bf1 {Ljubicic,M (2080)-Saric,L (2178) Bosnjaci 2022 ½-½ (73)}) 13. Nc4 Rab8 14. Nfd2 Bh3 15. Nb6 Qe6 16. Bh1 Rbd8 17. Qb3 Qxb3 18. Nxb3 cxb4 19. axb4 f5 20. exf5 Bxf5 21. Be4 Be6 22. Na5 Nxa5 23. bxa5 d5 24. Bg2 Rf7 25. f4 Bf5 26. fxe5 Bxd3 27. Rad1 Bc2 28. Rd2 Bb3 29. c4 d4 30. Bxb7 Kh7 31. e6 Rf5 32. Ba3 Bf6 33. Nd5 Nxd5 34. Bxd5 Rfxd5 35. cxd5 Bxd5 36. e7 Re8 37. Bc5 Bc4 38. Bxd4 Rxe7 39. Rxe7+ Bxe7 40. Rc2 1-0

[Event "EU-chT (Men) 21st"]
[Site "Heraklion"]
[Date "2017.11.03"]
[Round "6.1"]
[White "Eljanov, Pavel"]
[Black "Edouard, Romain"]
[Result "1-0"]
[WhiteElo "2720"]
[BlackElo "2607"]
[Annotator "Edouard,Romain"]
[PlyCount "103"]
[EventDate "2017.10.28"]
[EventType "team-swiss"]
[EventRounds "9"]
[EventCountry "GRE"]
[SourceTitle "CBM 182"]
[Source "ChessBase"]
[SourceDate "2018.01.17"]
[SourceVersion "1"]
[SourceVersionDate "2018.01.17"]
[SourceQuality "1"]
[WhiteTeam "Ukraine"]
[BlackTeam "France"]
[WhiteTeamCountry "UKR"]
[BlackTeamCountry "FRA"]

1. Nf3 {ChessBase II} d5 2. c4 d4 3. b4 Bg4 4. Qb3 c6 $5 {A solid move, aiming to be able to answer b2 by ...xf3 and ...e5 (when b7 won't be hanging).} 5. Ne5 $146 (5. e3 $6 Bxf3 6. gxf3 g6 7. Bb2 Bg7 8. Na3 Nh6 9. Nc2 e5 10. f4 exf4 11. Bxd4 Bxd4 12. Nxd4 O-O $132 {½-½ (44) Demuth,A (2538)-Rodshtein,M (2699) Antalya TUR 2017}) ({RR} 5. d3 Bxf3 6. exf3 a5 7. b5 Nd7 8. bxc6 bxc6 9. g3 e5 10. Bg2 Bb4+ 11. Nd2 Ne7 12. O-O O-O 13. a3 Bd6 14. Qc2 f5 15. Bb2 Rb8 16. f4 c5 17. fxe5 Nxe5 18. Bc1 f4 19. Ne4 N7g6 {Christiansen,J (2416)-Tari,A (2510) Lund 2015 0-1 (33)}) ({RR} 5. g3 Nf6 6. Bg2 Bxf3 7. Qxf3 e5 8. b5 Bc5 9. O-O O-O 10. d3 h6 11. Nd2 Qe7 12. a4 a5 13. h4 Bb4 14. g4 Nfd7 15. Qh3 Nc5 16. Ra2 Nbd7 17. bxc6 bxc6 18. Bxc6 Ra6 19. Bg2 Nb6 {Duda,J (2757)-Karjakin,S (2752) Chess.com INT 2020 1-0 (32)}) ({RR} 5. g3 Bxf3 6. Qxf3 e5 7. b5 Nf6 8. Bg2 Bb4 9. Qb3 Qe7 10. O-O O-O 11. d3 a6 12. bxc6 Nxc6 13. Bg5 Rab8 14. a3 Ba5 15. Qa4 b5 16. cxb5 axb5 17. Qb3 Rfc8 18. Ra2 Nd8 19. Rc2 Rxc2 {Malakhatko,V (2448)-Vovk,Y (2553) Lviv UKR 2022 1-0 (58)}) ({RR} 5. Bb2 Bxf3 6. Qxf3 e5 7. c5 ({RR} 7. a3 Nf6 8. e3 a5 9. exd4 exd4 10. c5 Be7 11. Bc4 O-O 12. O-O b6 13. cxb6 Qxb6 14. Re1 Ra7 15. Qd3 Rd8 16. Qb3 Bf8 17. d3 Rb7 18. Nd2 axb4 19. Nf3 Qc7 20. a4 c5 21. Ne5 Rd7) 7... a5 8. a3 Nf6 9. e3 axb4 10. axb4 Rxa1 11. Bxa1 Qd5 12. Qxd5 Nxd5 13. exd4 Nxb4 14. Kd1 exd4 15. Bxd4 Nd7 ({RR} 15... f6 16. Nc3) 16. Bc4 f6 17. Re1+ Kd8 18. Be3 Bxc5 19. d4 Bd6 {Iglesias,Y (2276)-Delorme,A (2489) Brest 2019 CBM 190 Extra [ChessBase II] 0-1 (31)}) ({RR} 5. g3 Bxf3 6. exf3 a5 7. bxa5 Qc7 8. f4 Nd7) 5... Bf5 6. Bb2 $2 (6. e3 $1 $146 {is the only way to create problems:} e6 ({White aims for} 6... f6 $6 7. Nf3 e5 8. c5 $1 {and Black's position is not fun to handle, as Adrien Demuth points out in his brand new book on the Reti.}) 7. Bb2 dxe3 8. dxe3 a5 9. a3 axb4 (9... Nd7 10. Nd2 $36) (9... Nf6 10. Nd2 $36) 10. Bd3 $1 $36) 6... f6 7. Nf3 e5 8. e3 c5 $1 {The logical reaction.} 9. bxc5 Nc6 $1 {The b7-pawn is untouchable.} 10. exd4 (10. Qxb7 $2 Nge7 $17) 10... exd4 11. Bd3 Qe7+ 12. Kd1 Bxd3 13. Qxd3 O-O-O {Black's position is already excellent.} 14. Na3 Qd7 15. Nc2 Nh6 (15... Bxc5 {was just slightly better for Black - but I somehow wanted more.}) 16. h3 Nf7 17. Ba3 g5 (17... Nfe5 $5 18. Nxe5 Nxe5 19. Qb3 Qc6 $132) 18. Rb1 h5 19. Qb3 Bh6 $5 20. Nb4 ({Opening the d-file with} 20. Nfxd4 {looks very dangerous:} Nfe5 $44) 20... g4 21. Ne1 Nxb4 22. Bxb4 Ne5 23. Nd3 Qc6 24. Kc2 Qxg2 25. hxg4 hxg4 26. Ba5 Rde8 27. Rhg1 Qc6 28. Qb5 $2 (28. Nxe5 Rxe5 29. Qb5 {would be about equal. Now Black has an extra option to play} d3+ {but White can just move his king:} 30. Kc3 $132) 28... a6 $2 {A very weird move: thinking I had an extra pawn!!} (28... Qe4 29. Rb3 Nxd3 30. Rxd3 Re5 $1 $19) 29. Qxc6+ Nxc6 30. Bb6 Re2 $2 {After this horrific move I managed to become worse.} (30... f5 $11) 31. Rbd1 f5 32. Rh1 Bg7 33. Rxh8+ Bxh8 34. Rh1 Re8 35. Rh7 Rf8 36. Nf4 $2 (36. Bc7 $1 {was winning.}) 36... Be5 37. Ng6 Rg8 $2 (37... Re8 38. Rf7 Re6 {is close to a draw.}) 38. Nxe5 Nxe5 39. Bc7 $2 (39. Rc7+ $1 Kb8 40. Re7 Nxc4 41. Bc7+ $16) 39... Nd7 $4 (39... Re8 $11) 40. Bd6 Kd8 41. Rh5 Nf8 42. Rxf5 Ne6 43. Rf7 Rg7 44. Rxg7 Nxg7 45. Kd3 Ne6 46. Ke4 Kd7 47. d3 Kc6 (47... b6 48. Kd5 $18) 48. Kf5 Kd7 49. Kxg4 b6 50. Kf5 Nd8 51. Ke4 Kc6 52. Be7 1-0

[Event "EU-chT (Men) 21st"]
[Site "Heraklion"]
[Date "2017.11.04"]
[Round "7.4"]
[White "Ibarra Jerez, Jose Carlos"]
[Black "McShane, Luke J"]
[Result "1-0"]
[WhiteElo "2561"]
[BlackElo "2647"]
[PlyCount "187"]
[EventDate "2017.10.28"]
[EventType "team-swiss"]
[EventRounds "9"]
[EventCountry "GRE"]
[SourceTitle "CBM 182"]
[Source "ChessBase"]
[SourceDate "2018.01.17"]
[SourceVersion "1"]
[SourceVersionDate "2018.01.17"]
[SourceQuality "1"]
[WhiteTeam "Spain"]
[BlackTeam "England"]
[WhiteTeamCountry "ESP"]
[BlackTeamCountry "ENG"]

1. Nf3 Nf6 2. g3 g6 3. b3 Bg7 4. Bb2 O-O 5. Bg2 c6 6. O-O Qa5 7. Re1 Qh5 8. e4 d6 9. d4 Bg4 10. Nbd2 Bh6 $146 ({RR} 10... Nbd7 11. Qe2 e5 12. Qf1 exd4 13. Nxd4 c5 14. Nb5 Nxe4 15. Rxe4 Bxb2 16. Rb1 Be5 17. f4 d5 18. Ree1 Bb8 19. Nc3 Nf6 20. Qb5 Bc7 21. Qxb7 Ba5 22. Re5 Bf5 23. Bf3 Ng4 24. Bxg4 Qxg4 25. Nxd5 {Wild,A (2275)-Muller,E (2139) Germany 2018 1-0}) 11. Nc4 Nbd7 12. Ne3 Bh3 13. Nd2 Qxd1 14. Raxd1 Bxg2 15. Kxg2 Rfe8 16. a4 Rad8 17. f3 Bf8 18. d5 Bg7 19. Ndc4 Rc8 20. Re2 Nh5 21. Bxg7 Kxg7 22. f4 Nc5 23. Kf3 Nf6 24. Nd2 Nfd7 25. Ndc4 Nf6 26. Nd2 h5 27. a5 Rcd8 28. Ra1 e5 29. dxe6 Rxe6 30. Nd1 d5 31. e5 Nfd7 32. Nf2 Rde8 33. b4 Na6 34. Rb1 f6 35. exf6+ Kxf6 36. Rxe6+ Rxe6 37. Nd3 Nc7 38. c4 Ke7 39. Nc5 Nxc5 40. bxc5 dxc4 41. Nxc4 Nb5 42. Ne5 Ke8 43. Rd1 Nc7 44. Ke4 Nd5 45. Kd4 Nc7 46. Rd3 a6 47. h3 Rf6 48. h4 Kd8 49. Ke4+ Nd5 50. Rb3 Kc8 51. Rd3 Kc7 52. Rf3 Ne7 53. g4 hxg4 54. Rg3 Kd8 55. Rxg4 Ke8 56. Rg3 Kd8 57. Rg5 Ke8 58. h5 gxh5 59. Rxh5 Rf8 60. Rh6 Nd5 61. Re6+ Kd8 62. f5 Nc3+ 63. Kf4 Na4 64. Nd3 Kd7 65. Ke5 Rh8 66. Rd6+ Ke8 67. Kf6 Rh1 68. Kg7 Rf1 69. Re6+ Kd7 70. Re4 Nc3 71. Rf4 Rg1+ 72. Kf7 Nd5 73. Rf3 Ra1 74. Nf4 Rxa5 75. Nxd5 cxd5 76. f6 Ra1 77. Kf8 Rg1 78. f7 Rg2 79. Rf6 d4 80. Rd6+ Kc7 81. Ke7 Re2+ 82. Re6 Rf2 83. f8=Q Rxf8 84. Kxf8 a5 85. Ke7 a4 86. Rd6 a3 87. Rxd4 Kc6 88. Rc4 a2 89. Rc1 a1=Q 90. Rxa1 Kxc5 91. Rc1+ Kd5 92. Rb1 Kc6 93. Ke6 b5 94. Rc1+ 1-0

[Event "Panama City Chess Rumble op"]
[Site "Panama City"]
[Date "2017.11.04"]
[Round "6"]
[White "Ramirez Alvarez, Alejandro"]
[Black "Granda Zuniga, Julio E"]
[Result "1-0"]
[WhiteElo "2566"]
[BlackElo "2650"]
[PlyCount "29"]
[EventDate "2017.11.04"]
[EventType "game (blitz)"]
[EventRounds "9"]
[EventCountry "PAN"]
[SourceTitle "CBM 181 Extra"]
[Source "ChessBase"]
[SourceDate "2017.12.12"]
[SourceVersion "1"]
[SourceVersionDate "2017.12.12"]
[SourceQuality "1"]

1. Nf3 d5 2. c4 d4 3. b4 a5 4. Bb2 axb4 5. Nxd4 e5 6. Nb3 Nc6 7. g3 $146 ({RR} 7. d3 Nf6 8. N1d2 Be7 9. g3 Bg4 10. Bg2 Qd7 11. h3 Bf5 12. Nf3 e4 13. Nh4 Be6 14. Qc2 g5 15. d4 gxh4 16. d5 hxg3 17. O-O-O gxf2 18. dxe6 Qxe6 19. Bxe4 Qxe4 20. Qxe4 Nxe4 21. Bxh8 f6 {Jurek,J (2395)-Spacek,L Pribram 1997 0-1}) ({RR} 7. e3 Nf6 8. d4 exd4 9. exd4 Bg4 10. f3 Bf5 11. d5 Na5 12. Nd4 Bxb1 13. Rxb1 Qe7+ 14. Be2 Nxc4 15. O-O Nxb2 16. Rxb2 O-O-O 17. Nb5 Qc5+ 18. Kh1 Nxd5 19. Qa4 Nb6 20. Qa7 Bd6 21. Bd3 Bxh2 {Touzane,O (2114)-Barcelo Sola,D (1980) La Pobla de Lillet ESP 2024 1-0}) ({RR} 7. d3 Nf6 8. g3 h5 9. h4 e4 10. Qc1 Qe7 11. d4 g6 12. e3 Ng4 13. Bg2 f5 14. N1d2 Bh6 15. Ke2 O-O 16. a3 f4 17. gxf4 Bxf4 18. exf4 Rxf4 19. Rf1 e3 20. Ne4 Rxe4 21. Bxe4 Qxe4 {Hernando Garcia,A (2240)-Garza Marco,S (2225) Aragon 1998 0-1}) 7... g6 8. Bg2 Bg7 9. O-O Nge7 10. a3 O-O 11. axb4 Rxa1 12. Bxa1 Nxb4 13. Nc3 Be6 14. Nc5 Bxc4 15. Qa4 1-0